ბათუმის შოთა რუსთაველის სახელმწიფო უნივერსიტეტის ბიბლიოთეკა

Финансовая политика России (ბიბ.ჩანაწერი № 35304)

000 -LEADER
fixed length control field 00659nam a2200229Ia 4500
001 - CONTROL NUMBER
control field 1155
003 - CONTROL NUMBER IDENTIFIER
control field GE_BSU
008 - FIXED-LENGTH DATA ELEMENTS--GENERAL INFORMATION
fixed length control field 181216s||||||||xx |||||||||||||| ||und||
020 ## - INTERNATIONAL STANDARD BOOK NUMBER
International Standard Book Number 9785279032129
040 ## - CATALOGING SOURCE
Transcribing agency GE_BSU
080 ## - UNIVERSAL DECIMAL CLASSIFICATION NUMBER
Universal Decimal Classification number 336.02(470+571)(075.8)
245 ## - TITLE STATEMENT
Title Финансовая политика России
245 ## - TITLE STATEMENT
Remainder of title Уч-е пособие
245 ## - TITLE STATEMENT
Statement of responsibility, etc. Под ред.Р.А.Набиева Г.А.Тактарова
260 ## - PUBLICATION, DISTRIBUTION, ETC.
Place of publication, distribution, etc. Москва
260 ## - PUBLICATION, DISTRIBUTION, ETC.
Name of publisher, distributor, etc. финансы и статистика
260 ## - PUBLICATION, DISTRIBUTION, ETC.
Date of publication, distribution, etc. 2007
300 ## - PHYSICAL DESCRIPTION
Extent 336стр.
653 ## - INDEX TERM--UNCONTROLLED
Uncontrolled term Финансовая политика России
942 ## - ADDED ENTRY ELEMENTS (KOHA)
Koha item type წიგნი
ეგზემპლარები
Withdrawn status Lost status Damaged status Not for loan Date acquired Barcode Date last seen Price effective from Koha item type
        2018-12-17 1085 2018-12-17 2018-12-17 წიგნი